Southville International School and Colleges
Your cart is empty.
  • Cart
  • Lists
    Public lists Eva Luna New books Lux_list list_1
    Your lists Log in to create your own lists
  • Log in to your account
  • Your cookies
  • Search history
Southville International School and Colleges
  • Advanced search
  • Recent comments
  • Most popular
  • Libraries

Log in to your account

Log in with GOOGLE


If you do not have an external account, but do have a local account, you can still log in:

  1. Home
  2. MARC view: College accounting 2 :
Normal view MARC view ISBD view

College accounting 2 : (Record no. 39791)

[ view plain ]
MARC details
000 -LEADER
fixed length control field 00552nam a22001817a 4500
005 - DATE AND TIME OF LATEST TRANSACTION
control field 20140311163044.0
008 - FIXED-LENGTH DATA ELEMENTS--GENERAL INFORMATION
fixed length control field 131129b xxu||||| |||| 00| 0 eng d
020 ## - INTERNATIONAL STANDARD BOOK NUMBER
International Standard Book Number 9710871102
050 ## - LIBRARY OF CONGRESS CALL NUMBER
Classification number HF 5636
Item number .H281 2011
100 ## - MAIN ENTRY--PERSONAL NAME
Personal name Harina, Ricardo M.
245 ## - TITLE STATEMENT
Title College accounting 2 :
Remainder of title accounting for parnership, corporation and manufacturing (revised edition) /
Statement of responsibility, etc Ricardo M. Harina.
260 ## - PUBLICATION, DISTRIBUTION, ETC. (IMPRINT)
Place of publication, distribution, etc Mandaluyong City :
Name of publisher, distributor, etc NBS,
Date of publication, distribution, etc 2011.
300 ## - PHYSICAL DESCRIPTION
Extent 203 p. :
Dimensions 28 cm.
521 ## - TARGET AUDIENCE NOTE
Target audience note
650 ## - SUBJECT ADDED ENTRY--TOPICAL TERM
Topical term or geographic name as entry element Accounting
942 ## - ADDED ENTRY ELEMENTS (KOHA)
Source of classification or shelving scheme Library of Congress Classification
Koha item type Books
Call number prefix Local

No items available.

College accounting 2 :

APA

Harina R. M., . (2011). College accounting 2. Mandaluyong City: NBS.

Chicago

Harina Ricardo M, . 2011. College accounting 2. Mandaluyong City: NBS.

Harvard

Harina R. M., . (2011). College accounting 2. Mandaluyong City: NBS.

MLA

Harina Ricardo M, . College accounting 2. Mandaluyong City: NBS. 2011.

  • Print
  • Cite
  • Add to your cart (remove)
  • Save record
    BIBTEX Dublin Core MARCXML MARC (non-Unicode/MARC-8) MARC (Unicode/UTF-8) MARC (Unicode/UTF-8, Standard) MODS (XML) RIS
  • More searches
    Search for this title in:
    Other Libraries (WorldCat) Other Databases (Google Scholar) Online Stores (Bookfinder.com) Open Library (openlibrary.org)

Exporting to Dublin Core...

SOUTHVILLE LIBRARY

Southville International School and Colleges Library

1281 Tropical Ave. Cor. Luxembourg St., BF Homes International, Las Pinas City

Tel. No. 8256374 / 252358 Loc. 117/146

Powered by Koha